000 00409nam a2200181Ia 4500
008 150909s9999 xx 000 0 und d
041 _aEnglish
082 _a-
082 _bBOG/EV
100 _aBoggio G
100 _eAuthor
245 _aEvaluation of research and development
260 _a-
260 _bD.Reidel Pub. Co.
260 _c1982
650 _aResearch & Development
942 _cBK
999 _c234095
_d234095